[Event "36th Zalakaros Open 2017"]
[Site "Zalakaros HUN"]
[Date "2017.05.22"]
[Round "5.24"]
[White "Horvath, Adam1"]
[Black "Kosakowski, Jakub"]
[Result "1-0"]
[WhiteTitle "GM"]
[BlackTitle "FM"]
[WhiteElo "2469"]
[BlackElo "2369"]
[WhiteFideId "708003"]
[BlackFideId "1185080"]
[EventDate "2017.05.18"]

1. e4 c5 2. Nf3 Nc6 3. d4 cxd4 4. Nxd4 Nf6 5. Nc3 e5 6. Ndb5 d6 7. Bg5 a6 8. Na3
b5 9. Bxf6 gxf6 10. Nd5 f5 11. g3 fxe4 12. Bg2 Be6 13. Bxe4 Bg7 14. Qh5 Rc8 15.
O-O Ne7 16. Nxe7 Qxe7 17. Rad1 b4 18. Nb1 h6 19. Qe2 O-O 20. Bd5 a5 21. Rd2 Rc5
22. Rfd1 Bxd5 23. Rxd5 Rfc8 24. c3 R8c6 25. a3 e4 26. Rxc5 dxc5 27. Qb5 Re6 28.
Qxa5 Bf6 29. axb4 cxb4 30. Qxb4 Qa7 31. Kg2 e3 32. Qg4+ Kh8 33. fxe3 Qb7+ 34.
Kh3 h5 35. Qxh5+ Kg7 36. Qg4+ Kf8 37. Qb4+ Qxb4 38. cxb4 Rxe3 39. Nc3 1-0

[Event "36th Zalakaros Open 2017"]
[Site "Zalakaros HUN"]
[Date "2017.05.22"]
[Round "5.26"]
[White "Li, Bo"]
[Black "Bagi, Mate"]
[Result "0-1"]
[WhiteTitle "IM"]
[BlackTitle "IM"]
[WhiteElo "2359"]
[BlackElo "2455"]
[WhiteFideId "8602786"]
[BlackFideId "742570"]
[EventDate "2017.05.18"]

1. d4 Nf6 2. c4 g6 3. Nc3 d5 4. Nf3 Bg7 5. Qb3 dxc4 6. Qxc4 Be6 7. Qb5+ Bd7 8.
Qb3 c5 9. d5 b5 10. Nxb5 Qa5+ 11. Nc3 Na6 12. Nd2 Rb8 13. Qd1 Ng4 14. Nb3 Qc7
15. e3 c4 16. Nd2 Ne5 17. Be2 Nd3+ 18. Bxd3 cxd3 19. O-O Nb4 20. Nb3 O-O 21. e4
a5 22. Be3 Nc2 23. Qxd3 Nxa1 24. Rxa1 a4 25. Nc5 Rxb2 26. Rc1 Rc8 27. a3 Qa5 28.
Nd1 Bb5 0-1

[Event "36th Zalakaros Open 2017"]
[Site "Zalakaros HUN"]
[Date "2017.05.22"]
[Round "5.27"]
[White "Rudolf, Michal"]
[Black "Kreisl, Robert"]
[Result "1/2-1/2"]
[WhiteTitle "FM"]
[BlackTitle "IM"]
[WhiteElo "2340"]
[BlackElo "2448"]
[WhiteFideId "1106210"]
[BlackFideId "1613880"]
[EventDate "2017.05.18"]

1. d4 Nf6 2. Nf3 d5 3. c4 e6 4. Nc3 c5 5. cxd5 Nxd5 6. e4 Nxc3 7. bxc3 cxd4 8.
cxd4 Bb4+ 9. Bd2 Bxd2+ 10. Qxd2 O-O 11. Bc4 b6 12. O-O Bb7 13. Rfe1 Nd7 14. Rad1
Rc8 15. Bb3 Qf6 16. h4 h6 17. Qe3 Rfd8 18. Rd2 e5 19. dxe5 Nxe5 20. Nxe5 Qxe5
21. f4 Qe7 22. e5 Rxd2 23. Qxd2 Rd8 24. Qf2 Qb4 25. e6 fxe6 26. Rxe6 Bd5 27.
Bxd5 Rxd5 28. Re8+ Kf7 29. Ra8 Qe7 30. Qg3 Qb7 31. Rh8 Qd7 32. Ra8 Qb7 33. Rh8
Qd7 34. Ra8 Qb7 1/2-1/2

[Event "36th Zalakaros Open 2017"]
[Site "Zalakaros HUN"]
[Date "2017.05.22"]
[Round "5.28"]
[White "Swayams, Mishra"]
[Black "Ivic, Velimir"]
[Result "0-1"]
[WhiteTitle "IM"]
[BlackTitle "FM"]
[WhiteElo "2448"]
[BlackElo "2345"]
[WhiteFideId "5028183"]
[BlackFideId "950122"]
[EventDate "2017.05.18"]

1. d4 Nf6 2. c4 g6 3. Nc3 Bg7 4. e4 d6 5. Be2 O-O 6. Nf3 e5 7. Be3 Ng4 8. Bg5 f6
9. Bh4 Nc6 10. d5 Ne7 11. Nd2 h5 12. h3 Nh6 13. g4 hxg4 14. hxg4 Nf7 15. Nb3 c5
16. Qd3 Bd7 17. Qh3 Re8 18. Kf1 Nc8 19. Kg2 Bh6 20. Rh2 Kg7 21. Qd3 a6 22. a4 b6
23. Rah1 Rb8 24. Ra1 Na7 25. Rhh1 Qc7 26. Qf3 Bf4 27. Bg3 Ng5 28. Qd3 b5 29.
axb5 axb5 30. Na5 bxc4 31. Nxc4 Nb5 32. Bxf4 exf4 33. f3 Nd4 34. Ra6 Nxe2 35.
Nxe2 Bxg4 36. fxg4 f3+ 37. Kf2 fxe2 38. Nxd6 Nxe4+ 39. Nxe4 Qf4+ 40. Qf3 e1=Q+
41. Rxe1 Rxb2+ 42. Re2 Rxe2+ 43. Kxe2 Rxe4+ 44. Kf2 Qd2+ 45. Kg3 Re3 0-1

[Event "36th Zalakaros Open 2017"]
[Site "Zalakaros HUN"]
[Date "2017.05.22"]
[Round "5.29"]
[White "Raja, Harshit"]
[Black "Basso, Pier Luigi"]
[Result "1/2-1/2"]
[BlackTitle "IM"]
[WhiteElo "2334"]
[BlackElo "2447"]
[WhiteFideId "5089000"]
[BlackFideId "866970"]
[EventDate "2017.05.18"]

1. e4 e5 2. Nf3 Nc6 3. Bc4 Bc5 4. c3 Nf6 5. d3 O-O 6. O-O d5 7. exd5 Nxd5 8. a4
Bf5 9. a5 a6 10. Qb3 Nde7 11. Ng5 Bg6 12. Be3 Ba7 13. Nd2 h6 14. Nge4 Qb8 15.
Nc5 Rd8 16. Nde4 Nf5 17. Bd5 Nfe7 18. Bc4 Nf5 19. Bd5 Qc8 20. Qc4 Nxa5 21. Rxa5
c6 22. Be6 fxe6 23. Raa1 Rd5 24. b4 b6 25. Qxa6 bxc5 26. Qxc8+ Rxc8 27. Rxa7
cxb4 28. cxb4 Rxd3 29. Nc5 Rd6 30. Nd7 Nxe3 31. fxe3 Bd3 32. Rf2 Bb5 33. h3 Rd1+
34. Kh2 e4 35. Nc5 Rf1 36. Rxf1 Bxf1 37. Nxe6 g5 38. Nd4 Kf8 39. Rh7 Kg8 40.
Rxh6 c5 41. bxc5 Rxc5 42. Rf6 Bd3 43. Ne6 Re5 44. Kg3 Bc4 45. Nd4 Kg7 46. Rc6
Bf1 47. Rc1 Bb5 48. Rc7+ Kf6 49. Rb7 Bf1 50. Rb6+ Kf7 51. Rb1 Ba6 52. Ra1 Bc8
53. Ra7+ Ke8 54. Rg7 Bd7 55. Rg8+ Ke7 56. Ra8 Rc5 57. Ra3 Kf6 58. Ra6+ Ke7 59.
Rb6 Rc3 60. Kf2 Rc5 61. Rb4 Kf6 62. Rb3 Ke7 63. Kg3 Kf6 64. Ra3 Kf7 65. Kf2 Ke7
66. Ra7 Ke8 67. Rb7 Ke7 68. Ke2 Kd6 69. Rb6+ Ke7 70. Rb4 Ra5 71. Kf2 Kf6 72. Rb7
Ra2+ 73. Kg3 Ke7 74. Rb6 Ra3 75. Rb3 Ra1 76. Ne2 Ra5 77. Rb4 Re5 78. Nd4 Rc5 79.
Nb3 Re5 80. Rc4 Kd6 81. Rb4 Ke7 82. Nd2 Bc6 83. Rb8 Rd5 84. Rb6 Rc5 85. Rb4 Rc3
86. Kf2 Rc2 87. Rd4 Ke6 88. Kg3 Rc3 89. Kf2 Rc2 90. Ke2 Bb5+ 91. Kd1 1/2-1/2

[Event "36th Zalakaros Open 2017"]
[Site "Zalakaros HUN"]
[Date "2017.05.22"]
[Round "5.30"]
[White "Ikeda, Junta"]
[Black "Sadhwani, Raunak"]
[Result "1-0"]
[WhiteTitle "IM"]
[BlackTitle "FM"]
[WhiteElo "2412"]
[BlackElo "2298"]
[WhiteFideId "3204731"]
[BlackFideId "35093487"]
[EventDate "2017.05.18"]

1. e4 c6 2. d3 d5 3. Nd2 e5 4. Ngf3 Bd6 5. g3 f5 6. Qe2 fxe4 7. dxe4 Nf6 8. Bg2
O-O 9. O-O Qe7 10. Re1 Bg4 11. h3 Bxf3 12. Bxf3 Na6 13. exd5 cxd5 14. Nb3 Nb4
15. a3 Nc6 16. c4 e4 17. Bg2 Ne5 18. cxd5 Nd3 19. Rf1 Qe5 20. Be3 Qxd5 21. Nd2
Rfd8 22. Rad1 Bf8 23. g4 h6 24. Nxe4 Nxe4 25. Bxh6 Qe6 26. Rxd3 Rxd3 27. Qxd3
Nc5 28. Bd5 Nxd3 29. Bxe6+ Kh8 30. Be3 Nxb2 31. Rc1 Re8 32. Bf7 Re7 33. Bg6 Re6
34. Rc8 Rxg6 35. Rxf8+ Kh7 36. Bxa7 b6 37. f4 Nc4 38. f5 Rd6 39. g5 Nxa3 40. Bb8
Rd4 41. Be5 Re4 42. Bb2 Nc4 43. g6+ Kh6 44. Bc1+ Ne3 45. Kf2 Kh5 46. Bxe3 Rxe3
47. Kxe3 1-0

[Event "36th Zalakaros Open 2017"]
[Site "Zalakaros HUN"]
[Date "2017.05.22"]
[Round "5.31"]
[White "Cebalo, Miso"]
[Black "Farago, Ivan"]
[Result "0-1"]
[WhiteTitle "GM"]
[BlackTitle "GM"]
[WhiteElo "2320"]
[BlackElo "2411"]
[WhiteFideId "14500094"]
[BlackFideId "700134"]
[EventDate "2017.05.18"]

1. Nf3 Nf6 2. c4 c5 3. Nc3 Nc6 4. g3 d5 5. cxd5 Nxd5 6. Nxd5 Qxd5 7. Bg2 e5 8.
d3 Bg4 9. O-O Qd7 10. Be3 Rc8 11. Rc1 b6 12. b4 Bxf3 13. Bxf3 Nxb4 14. Qb3 Be7
15. a3 Nc6 16. Bd5 O-O 17. f4 exf4 18. Bxf4 Nd4 19. Qa2 Bf6 20. e4 Rce8 21. Rf2
Ne6 22. Be3 Bd4 23. Bxd4 Nxd4 24. Rcf1 Re7 25. Kg2 Nc6 26. Qc4 Ne5 27. Qc3 Kh8
28. d4 cxd4 29. Qxd4 f6 30. Rc1 Qd6 31. a4 Rc7 32. Rfc2 Rxc2+ 33. Rxc2 Qa3 34.
Kh3 Qf3 35. Be6 Qh5+ 36. Kg2 Qxh2+ 0-1

[Event "36th Zalakaros Open 2017"]
[Site "Zalakaros HUN"]
[Date "2017.05.22"]
[Round "5.32"]
[White "Kozak, Adam"]
[Black "Beletic, Daniel"]
[Result "1-0"]
[WhiteTitle "FM"]
[BlackTitle "FM"]
[WhiteElo "2411"]
[BlackElo "2315"]
[WhiteFideId "753246"]
[BlackFideId "14602709"]
[EventDate "2017.05.18"]

1. Nf3 d6 2. d4 g6 3. c4 Bg7 4. Nc3 e5 5. dxe5 dxe5 6. Qxd8+ Kxd8 7. g3 f6 8.
Bg2 Nc6 9. O-O Be6 10. Rd1+ Kc8 11. b3 Nge7 12. Bb2 a5 13. Ne4 b6 14. Nc3 Rd8
15. Rxd8+ Kxd8 16. Rd1+ Ke8 17. Nb5 Rc8 18. Ba3 Nb4 19. Ne1 Kf7 20. Bxb4 axb4
21. Nc2 f5 22. Nxb4 e4 23. f3 exf3 24. Bxf3 Kg8 25. Nc6 Nxc6 26. Bxc6 Be5 27. e3
Kf8 28. Kf2 Ke7 29. Nd4 Bd6 30. Ke2 Rh8 31. a4 h5 32. Nf3 Kf6 33. Kf2 g5 34. h4
gxh4 35. Nxh4 Rg8 36. Rg1 Bc5 37. Ng2 Rd8 38. Ke2 Rg8 39. Kf3 Rd8 40. Ke2 Rg8
41. Nf4 Bf7 42. Nd3 Bd6 43. Kf2 Rd8 44. Rd1 Rh8 45. Rh1 Rd8 46. Rd1 Rh8 47. Bf3
Re8 48. Nf4 Bc5 49. Rd3 Kg5 50. Nh3+ Kf6 51. Nf4 Kg5 52. Ng2 Re7 53. Rd8 Be8 54.
Rd1 c6 55. Be2 Kf6 56. Rd3 Ra7 57. Rd8 Ke7 58. Rd1 Kf6 59. Nf4 Re7 60. Rd3 Rh7
61. Ng2 Re7 62. Bf3 Ra7 63. Rd8 Ke7 64. Rc8 Rd7 65. Rxe8+ 1-0

[Event "36th Zalakaros Open 2017"]
[Site "Zalakaros HUN"]
[Date "2017.05.22"]
[Round "5.33"]
[White "Tate, Alan"]
[Black "Frolov, Artur"]
[Result "1/2-1/2"]
[WhiteTitle "FM"]
[BlackTitle "IM"]
[WhiteElo "2320"]
[BlackElo "2410"]
[WhiteFideId "2401878"]
[BlackFideId "14100134"]
[EventDate "2017.05.18"]

1. e4 e5 2. Nf3 Nc6 3. Bc4 Bc5 4. O-O Nf6 5. d3 d6 6. a4 a6 7. c3 Ba7 8. Na3 Ne7
9. Nc2 c6 10. Re1 O-O 11. Ba2 Ng6 12. d4 h6 13. dxe5 dxe5 14. Qxd8 Rxd8 15. Be3
Bg4 16. Bxa7 Rxa7 17. Re3 Raa8 18. Nce1 Rd6 19. a5 Rad8 20. Bb3 c5 21. Kf1 Bd7
22. h3 Bb5+ 23. Kg1 Bc6 24. Bc2 c4 25. g3 Kf8 26. Nh2 Nd7 27. Rd1 Rxd1 28. Bxd1
Nc5 29. Bc2 Na4 30. Bxa4 Bxa4 31. Nef3 Rd1+ 32. Nf1 Rb1 33. Re2 f6 34. Rd2 Bc6
35. Re2 f5 36. Nd2 Rxb2 37. exf5 Ne7 38. Rxe5 Bd5 39. Ne4 Rb5 40. Nd6 Rxa5 41.
Nxc4 Ra1 42. Nb6 Bc6 43. c4 Rb1 44. Na8 Bd7 45. g4 b5 46. Nc7 bxc4 47. Rc5 Bb5
48. Kg2 Bc6+ 49. f3 Bxf3+ 50. Kxf3 Rxf1+ 51. Ke4 Re1+ 52. Kd4 Rh1 53. Ne6+ Kf7
54. Rc7 Rxh3 55. Nf4 Rh1 56. Ng6 Re1 57. Ra7 a5 58. Kxc4 Kf6 59. Rxa5 Kg5 60.
Ra7 Nxg6 61. Rxg7 Kxg4 62. Rxg6+ 1/2-1/2

[Event "36th Zalakaros Open 2017"]
[Site "Zalakaros HUN"]
[Date "2017.05.22"]
[Round "5.34"]
[White "Manea, Alexandru"]
[Black "Horvath, Dominik"]
[Result "1/2-1/2"]
[WhiteTitle "IM"]
[BlackTitle "FM"]
[WhiteElo "2410"]
[BlackElo "2275"]
[WhiteFideId "1207660"]
[BlackFideId "1642561"]
[EventDate "2017.05.18"]

1. e4 c5 2. Nf3 e6 3. d4 cxd4 4. Nxd4 Nc6 5. Nc3 Qc7 6. g3 a6 7. Bg2 Nf6 8. O-O
Nxd4 9. Qxd4 Bc5 10. Bf4 d6 11. Qd2 h6 12. Na4 e5 13. Be3 Bxe3 14. Qxe3 Be6 15.
Nb6 Rb8 16. c4 Nd7 17. Nd5 Qc5 18. Qd2 a5 19. Rfd1 Bxd5 20. Qxd5 Ke7 21. Qd2 Qc7
22. Qe2 Rhd8 23. Rd5 Nc5 24. Bh3 Kf8 25. Rad1 Qc6 26. R1d2 b5 27. cxb5 Qxb5 28.
Qxb5 Rxb5 29. Rxe5 Rxb2 30. Rxb2 dxe5 31. Rb5 Nxe4 32. Rxe5 Ng5 33. Bg4 Ra8 34.
h4 f6 35. Rb5 Nf7 36. h5 Ne5 37. Bf5 Ra7 38. f4 Nf3+ 39. Kf2 Nd4 40. Rd5 Nxf5
41. Rxf5 Kf7 42. Kf3 g6 43. hxg6+ Kxg6 44. Kg4 a4 45. Rb5 a3 46. f5+ Kg7 47. Kh4
Kh7 48. g4 Kg7 49. Kh5 Kh7 50. Rb6 Kg7 51. Rc6 Ra4 52. Rc7+ Kg8 53. Rb7 Kf8 54.
Rh7 Kg8 55. Rxh6 Kg7 56. Rg6+ Kf7 57. g5 fxg5 58. Kxg5 Ra7 59. Rh6 Ra4 60. Rh7+
Kg8 61. Re7 Kf8 62. Rh7 Ra6 63. Rb7 Kg8 64. Re7 Kf8 65. Re6 Rxe6 66. fxe6 Ke7
67. Kf5 Ke8 68. Kf6 Kf8 69. e7+ Ke8 70. Ke6 1/2-1/2

[Event "36th Zalakaros Open 2017"]
[Site "Zalakaros HUN"]
[Date "2017.05.22"]
[Round "5.35"]
[White "Rahul, Srivatshav P"]
[Black "Juhasz, Armin"]
[Result "1/2-1/2"]
[BlackTitle "IM"]
[WhiteElo "2303"]
[BlackElo "2410"]
[WhiteFideId "25059653"]
[BlackFideId "724270"]
[EventDate "2017.05.18"]

1. d4 Nf6 2. c4 e6 3. Nc3 Bb4 4. e3 d5 5. Ne2 dxc4 6. a3 Ba5 7. Ng3 b5 8. a4 b4
9. Nce4 Bb7 10. Nxf6+ Qxf6 11. f3 O-O 12. Bxc4 c5 13. dxc5 Rd8 14. Qe2 b3+ 15.
Kf2 Nd7 16. Rf1 Nxc5 17. Kg1 Rac8 18. Kh1 Qh4 19. e4 Bc7 20. Kg1 Bxg3 21. hxg3
Qxg3 22. Be3 Qe5 23. Rfc1 h6 1/2-1/2

[Event "36th Zalakaros Open 2017"]
[Site "Zalakaros HUN"]
[Date "2017.05.22"]
[Round "5.36"]
[White "Banzea, Alexandru-Bogdan"]
[Black "Hnydiuk, Aleksander"]
[Result "1/2-1/2"]
[WhiteTitle "FM"]
[BlackTitle "IM"]
[WhiteElo "2278"]
[BlackElo "2390"]
[WhiteFideId "1232622"]
[BlackFideId "1109057"]
[EventDate "2017.05.18"]

1. e4 c5 2. Nf3 d6 3. Bb5+ Bd7 4. Bxd7+ Qxd7 5. c4 Nf6 6. Nc3 g6 7. d4 cxd4 8.
Nxd4 Bg7 9. f3 O-O 10. Be3 Rc8 11. b3 a6 12. Qd2 Nc6 13. a4 e6 14. a5 d5 15. Na4
Nxd4 16. Bxd4 dxc4 17. Rd1 e5 18. Be3 Qxd2+ 19. Bxd2 Rab8 20. Nb6 c3 21. Bg5 Rc5
22. Bxf6 c2 23. Rc1 Bxf6 24. Nc4 Rbc8 25. O-O Bg5 26. Rxc2 Rxa5 27. Nxa5 Rxc2
28. Nxb7 Rb2 29. Na5 Be3+ 30. Kh1 Bd4 31. h4 Bc3 32. Ra1 Kg7 33. Nc4 Rxb3 34.
Rxa6 Be1 35. Kh2 Bxh4 1/2-1/2

[Event "36th Zalakaros Open 2017"]
[Site "Zalakaros HUN"]
[Date "2017.05.22"]
[Round "5.37"]
[White "Stupak, Kirill"]
[Black "Secheres, Adrian-Simion"]
[Result "1-0"]
[WhiteTitle "GM"]
[BlackTitle "FM"]
[WhiteElo "2560"]
[BlackElo "2309"]
[WhiteFideId "13503758"]
[BlackFideId "1217445"]
[EventDate "2017.05.18"]

1. d4 Nf6 2. g3 c5 3. d5 b5 4. c4 bxc4 5. Nc3 d6 6. e4 g6 7. Bxc4 Bg7 8. Nf3 O-O
9. O-O Bg4 10. Re1 Nfd7 11. Be2 Qb6 12. Qc2 Na6 13. Be3 Rab8 14. Rab1 Rfc8 15.
Kg2 Qb7 16. Qd2 Bxf3+ 17. Bxf3 Qb4 18. Be2 Rb6 19. Qc2 Qa5 20. Qa4 Qxa4 21. Nxa4
Nb4 22. Nxb6 axb6 23. Bg4 Rc7 24. Bxd7 Rxd7 25. a3 Nd3 26. Re2 b5 27. Rd2 c4 28.
b3 h5 29. bxc4 bxc4 30. Rb8+ Kh7 31. Rc8 Ne1+ 32. Kf1 Nf3 33. Rxc4 1-0

[Event "36th Zalakaros Open 2017"]
[Site "Zalakaros HUN"]
[Date "2017.05.22"]
[Round "5.38"]
[White "Aczel, Gergely"]
[Black "Risting, Eivind Olav"]
[Result "1-0"]
[WhiteTitle "IM"]
[BlackTitle "FM"]
[WhiteElo "2546"]
[BlackElo "2297"]
[WhiteFideId "727709"]
[BlackFideId "1517333"]
[EventDate "2017.05.18"]

1. d4 Nf6 2. c4 e6 3. Nc3 Bb4 4. e3 b6 5. Nf3 Bb7 6. Bd2 O-O 7. Bd3 c5 8. a3
Bxc3 9. Bxc3 cxd4 10. exd4 d5 11. c5 Ne4 12. Qc2 bxc5 13. dxc5 Nxc3 14. Qxc3 e5
15. O-O-O Nc6 16. Rhe1 Re8 17. Kb1 Qf6 18. Bc2 Rad8 19. Ka1 Qf4 20. Qe3 Qf6 21.
h4 e4 22. Nd4 Nxd4 23. Qxd4 Qxh4 24. f3 Bc6 25. Ba4 Bxa4 26. Qxa4 Qf2 27. fxe4
Qxc5 28. exd5 Rxe1 29. Rxe1 h5 30. Re8+ Rxe8 31. Qxe8+ Kh7 32. Qe4+ Kg8 33. Ka2
g6 34. Qd3 Qd6 35. b4 Kf8 36. Kb3 h4 37. Qd4 Qg3+ 38. Ka4 Qxg2 39. d6 Qc2+ 40.
Kb5 Qe2+ 41. Kc6 Qc2+ 42. Kb7 Qg2+ 43. Kb8 Kg8 44. d7 Qh2+ 45. Kb7 Qg2+ 46. Kxa7 1-0

[Event "36th Zalakaros Open 2017"]
[Site "Zalakaros HUN"]
[Date "2017.05.22"]
[Round "5.39"]
[White "Krykun, Yuriy"]
[Black "Studer, Noel"]
[Result "1/2-1/2"]
[WhiteTitle "FM"]
[BlackTitle "IM"]
[WhiteElo "2308"]
[BlackElo "2498"]
[WhiteFideId "14140667"]
[BlackFideId "1319620"]
[EventDate "2017.05.18"]

1. e4 c6 2. d4 d5 3. e5 Bf5 4. Nf3 e6 5. Be2 Nd7 6. O-O h6 7. Nbd2 Ne7 8. c3 g5
9. Nb3 Qc7 10. Be3 Bg7 11. Ne1 O-O-O 12. Nd3 f6 13. exf6 Bxf6 14. Nbc5 Bxd3 15.
Nxd3 Nf5 16. Bh5 Be7 17. Re1 Bd6 18. h3 Rdf8 19. Bd2 Rf6 20. a4 Kb8 21. a5 e5
22. dxe5 Nxe5 23. Nxe5 Bxe5 24. Qe2 Bh2+ 25. Kh1 Ng7 26. Bf3 Bd6 27. c4 Rhf8 28.
cxd5 Rxf3 29. gxf3 Qd7 30. Kg2 cxd5 31. Bc3 Nh5 32. Be5 Bxe5 1/2-1/2

[Event "36th Zalakaros Open 2017"]
[Site "Zalakaros HUN"]
[Date "2017.05.22"]
[Round "5.42"]
[White "Rigo, Janos"]
[Black "Lazarne Vajda, Szidonia"]
[Result "1/2-1/2"]
[WhiteTitle "IM"]
[BlackTitle "IM"]
[WhiteElo "2236"]
[BlackElo "2357"]
[WhiteFideId "700371"]
[BlackFideId "723894"]
[EventDate "2017.05.18"]

1. e4 e5 2. Nf3 Nc6 3. Bb5 a6 4. Ba4 Nf6 5. d3 d6 6. c3 Bd7 7. Bg5 h6 8. Bh4 g5
9. Bg3 Bg7 10. Nbd2 Qe7 11. Nf1 b5 12. Bb3 Na5 13. Bc2 c5 14. Ne3 1/2-1/2

[Event "36th Zalakaros Open 2017"]
[Site "Zalakaros HUN"]
[Date "2017.05.22"]
[Round "5.43"]
[White "Marosi, Levente"]
[Black "Rapport, Jovana"]
[Result "1/2-1/2"]
[WhiteTitle "FM"]
[BlackTitle "WGM"]
[WhiteElo "2286"]
[BlackElo "2334"]
[WhiteFideId "747181"]
[BlackFideId "937266"]
[EventDate "2017.05.18"]

1. e4 g6 2. d4 Nf6 3. e5 Nh5 4. Be2 d6 5. exd6 Qxd6 6. Na3 Bg7 7. c3 Nf6 8. Nf3
a6 9. Nc4 Qd8 10. O-O O-O 11. Re1 Nbd7 12. a4 b6 13. Nfe5 Nxe5 14. Nxe5 Bb7 15.
Bf3 Bd5 16. Nc6 Bxc6 17. Bxc6 Ra7 18. b3 Nd7 19. Ba3 Bf6 20. Qf3 Nb8 21. Re3
Nxc6 22. Qxc6 Qe8 23. Qf3 c6 24. Rae1 Qd7 25. h4 Rc8 26. a5 bxa5 27. h5 Qd8 28.
Qg4 Rcc7 29. Bc5 Rab7 30. Ra1 Rd7 31. Qe2 Rb5 32. Qf3 Rc7 33. Rae1 e6 34. c4
Rbb7 35. Qe4 Bg7 36. Ra1 Rd7 37. Rd3 Qc7 38. Qe1 Qb8 39. Qxa5 Rxb3 40. Rxb3 Qxb3
41. Qxa6 Rd8 42. Qxc6 Qxc4 43. Ra8 Qc1+ 44. Kh2 Qg5 45. hxg6 hxg6 46. Rxd8+ Qxd8
47. Qe4 Qg5 48. g3 Qf5 49. Qa8+ Kh7 50. Kg2 g5 51. Qf3 Kg6 52. g4 Qxf3+ 53. Kxf3
f5 54. Kg3 Kf6 55. f4 Bh6 56. fxg5+ Bxg5 57. gxf5 exf5 58. Bd6 Ke6 59. Be5 Kd5
60. Kf3 Ke6 1/2-1/2

[Event "36th Zalakaros Open 2017"]
[Site "Zalakaros HUN"]
[Date "2017.05.22"]
[Round "5.47"]
[White "Ugroczky, Peter"]
[Black "Blohberger, Felix"]
[Result "1/2-1/2"]
[WhiteTitle "FM"]
[BlackTitle "FM"]
[WhiteElo "2185"]
[BlackElo "2319"]
[WhiteFideId "758663"]
[BlackFideId "1632051"]
[EventDate "2017.05.18"]

1. e4 c5 2. Nf3 d6 3. Bb5+ Nd7 4. d4 cxd4 5. Qxd4 a6 6. Bxd7+ Bxd7 7. O-O Nf6 8.
Rd1 g6 9. e5 dxe5 10. Nxe5 Be6 11. Be3 Bg7 12. Qxd8+ Rxd8 13. Rxd8+ Kxd8 14.
Bb6+ Kc8 15. Nc3 Nd5 16. Nxd5 Bxd5 17. Nd3 Bc4 18. Rc1 Kd7 19. b3 Bxd3 20. cxd3
Be5 21. Kf1 h5 22. Ke2 g5 23. Rc5 f6 24. Ke3 Bxh2 25. g3 h4 26. Rc7+ Kd6 27. Rc1
f5 28. Kf3 hxg3 29. fxg3 f4 30. gxf4 Bxf4 31. Bc7+ Kd5 32. Bxf4 gxf4 33. Kxf4
Rh2 34. Rc7 e5+ 35. Ke3 b6 36. a4 Rb2 37. Rb7 Rxb3 38. a5 b5 39. Rd7+ Kc6 40.
Ra7 Kd5 41. Rd7+ Kc5 42. Ra7 b4 43. Rxa6 Kb5 44. Re6 Kxa5 45. Rxe5+ Ka4 46. Kd2
Rc3 47. d4 Ka3 48. Rb5 Rc4 49. Kd3 Rc3+ 50. Kd2 Rh3 51. d5 Rh5 52. Kc2 Rh2+ 53.
Kc1 Rh5 54. Kc2 Ka4 55. Rc5 Rh2+ 56. Kb1 Ka3 57. d6 Rd2 58. Rc6 Kb3 59. Kc1 Rd5
60. Rb6 1/2-1/2

[Event "36th Zalakaros Open 2017"]
[Site "Zalakaros HUN"]
[Date "2017.05.22"]
[Round "5.48"]
[White "Pacan-Milej, Kosma"]
[Black "Szukics, Adam"]
[Result "1/2-1/2"]
[WhiteTitle "FM"]
[WhiteElo "2317"]
[BlackElo "2229"]
[WhiteFideId "21800537"]
[BlackFideId "751871"]
[EventDate "2017.05.18"]

1. d4 Nf6 2. c4 e6 3. Nf3 d5 4. Nc3 dxc4 5. e3 a6 6. a4 c5 7. Bxc4 Nc6 8. O-O
Be7 9. dxc5 Qxd1 10. Rxd1 Bxc5 11. Bd2 O-O 12. Bd3 Rd8 13. Ne4 Be7 14. Be1 Bd7
15. Rac1 Be8 16. Nxf6+ Bxf6 17. b3 Ne7 18. Kf1 Bc6 19. Ke2 h6 20. g3 Rac8 21.
Nd2 Be5 22. Nc4 Bc7 23. e4 f6 24. f3 Kf7 25. Na5 Bb6 26. Bb4 Bxa5 27. Bxa5 Rd7
28. Bb6 Ra8 29. Ke3 g5 30. Be2 Rc8 31. Rd2 Rxd2 32. Kxd2 f5 33. Ke3 fxe4 34.
fxe4 Bxe4 35. Rxc8 Nxc8 36. Kxe4 Nxb6 37. Bf3 Nd7 38. Kd4 b6 39. b4 Ke7 40. Bb7
Nb8 41. Kc4 Kd6 42. Bc8 e5 43. Bb7 Kc7 44. Be4 Kd6 45. Bb7 Kc7 1/2-1/2

[Event "36th Zalakaros Open 2017"]
[Site "Zalakaros HUN"]
[Date "2017.05.22"]
[Round "5.49"]
[White "Rajdeep, Sarkar"]
[Black "Havanecz, Bianka"]
[Result "1-0"]
[WhiteTitle "FM"]
[BlackTitle "WIM"]
[WhiteElo "2312"]
[BlackElo "2210"]
[WhiteFideId "25007963"]
[BlackFideId "704814"]
[EventDate "2017.05.18"]

1. Nf3 d5 2. g3 c6 3. Bg2 Bg4 4. d4 Nf6 5. O-O e6 6. Nbd2 Be7 7. Re1 O-O 8. e4
a5 9. c3 b5 10. Qc2 Bh5 11. Ne5 Nfd7 12. f4 Ra7 13. h3 f6 14. Nd3 Bf7 15. g4 c5
16. exd5 exd5 17. f5 Bd6 18. Nf3 Qc7 19. dxc5 Nxc5 20. Nxc5 Bxc5+ 21. Be3 Bxe3+
22. Rxe3 Qc5 23. Qf2 Nc6 24. Rd1 b4 25. Red3 Qxf2+ 26. Kxf2 g6 27. Re3 Rb8 28.
Rd2 a4 29. cxb4 Rxb4 30. Rc3 Na5 31. Nd4 Nc4 32. Nc6 Nxd2 33. Nxb4 Ne4+ 34. Bxe4
dxe4 35. Ke3 Rb7 36. a3 Re7 37. Rc8+ Kg7 38. Nc6 Rb7 39. Nd8 Re7 40. Nxf7 Rxf7
41. Rc4 Ra7 42. Kxe4 Ra5 43. fxg6 Kxg6 44. Kf4 h5 45. h4 hxg4 46. Kxg4 f5+ 47.
Kg3 Kh5 48. Rb4 Kg6 49. Kf4 Kh5 50. Rb8 Kg6 51. Rg8+ Kf7 52. Rg5 Kf6 53. h5 Rb5
54. Rg6+ Kf7 55. Rg2 Kf6 56. h6 Rc5 57. Rh2 Rc4+ 58. Kf3 Rc8 59. h7 Rh8 60. Kf4
Kg6 61. Rh4 Kf6 62. Rh6+ Kg7 63. Kg5 f4 64. Rg6+ Kf7 65. Kh6 f3 66. Rg3 1-0

[Event "36th Zalakaros Open 2017"]
[Site "Zalakaros HUN"]
[Date "2017.05.22"]
[Round "5.50"]
[White "Papp, Petra"]
[Black "Hardicsay, Peter"]
[Result "1/2-1/2"]
[WhiteTitle "WGM"]
[BlackTitle "IM"]
[WhiteElo "2371"]
[BlackElo "2218"]
[WhiteFideId "739049"]
[BlackFideId "700622"]
[EventDate "2017.05.18"]

1. e4 c6 2. d4 d5 3. e5 Bf5 4. h4 h6 5. g4 Bd7 6. Nc3 e6 7. Be3 c5 8. dxc5 Qc7
9. Nb5 Bxb5 10. Bxb5+ Nc6 11. Qd2 d4 12. Bf4 Bxc5 13. b4 Bb6 14. Nf3 O-O-O 15.
O-O Nge7 16. Bd3 Nd5 17. Rab1 1/2-1/2